header

Early childhood counts (Record no. 25736)

MARC details
000 -LEADER
fixed length control field 01414nam a22003614a 4500
082 04 - DEWEY DECIMAL CLASSIFICATION NUMBER
Classification number 305.231
100 1# - MAIN ENTRY--AUTHOR NAME
Personal name Evans, Judith L.
245 10 - TITLE STATEMENT
Title Early childhood counts
260 ## - PUBLICATION, DISTRIBUTION, ETC. (IMPRINT)
Place of publication Washington, D.C. :
Name of publisher World Bank,
Year of publication c2000.
300 ## - PHYSICAL DESCRIPTION
Number of Pages viii, 412 p.
490 1# - SERIES STATEMENT
Series statement WBI learning resources series
650 #0 - SUBJECT ADDED ENTRY--TOPICAL TERM
Topical Term Child development.
Topical Term Child care.
Topical Term Early childhood education.
700 1# - ADDED ENTRY--PERSONAL NAME
Personal name Meyers, Robert G.,
Personal name Ilfeld, Ellen,
856 40 - ELECTRONIC LOCATION AND ACCESS
Uniform Resource Identifier http://site.ebrary.com/lib/rucke/Doc?id=10015751

No items available.

© 2026 Rongo University
Contact us: librarian | system librarian | Rongo university